[Event "Edmonton Northern Alberta op"]
[Site "Edmonton"]
[Date "2014.02.15"]
[Round "2.7"]
[White "Briones, Dante"]
[Black "Gluckie, Jamin"]
[Result "0-1"]
[WhiteElo "1950"]
[BlackElo "2177"]
[PlyCount "88"]
[EventDate "2014.02.15"]
[EventType "swiss"]
[EventRounds "5"]
[EventCountry "CAN"]
[SourceTitle "EXT 2022"]
[Source "ChessBase"]
[SourceDate "2021.10.06"]
[SourceVersion "1"]
[SourceVersionDate "2021.10.06"]
[SourceQuality "1"]

1. e4 e6 2. d4 d5 3. Nc3 Bb4 4. e5 Ne7 5. Bg5 c5 6. a3 Bxc3+ 7. bxc3 Nbc6 8. Nf3 Qa5 9. Bd2 Bd7 10. Bd3 c4 11. Bf1 f6 12. exf6 gxf6 13. g3 0-0-0 14. Bg2 e5 15. dxe5 fxe5 16. h3 Bf5 17. Nh4 Be6 18. Nf3 Rhg8 19. 0-0 Qc5 20. Ng5 Bf5 21. g4 Bd7 22. Nxh7 Rg6 23. Ng5 Rdg8 24. h4 Nd8 25. Kh2 Ne6 26. Nxe6 Bxe6 27. f3 e4 28. h5 Qd6+ 29. Kg1 Rxg4 30. fxg4 Bxg4 31. Bf4 Qe6 32. Qd4 Bf3 33. Rf2 Qh3 34. Qd2 Nf5 35. Bg5 Qg4 36. Qf4 Qxg5 37. Qxg5 Rxg5 38. Kf1 Ne3+ 39. Kg1 Nxg2 40. Kh2 Rxh5+ 41. Kg3 Rg5+ 42. Kh2 Ne3 43. Kh3 Nf5 44. Kh2 Rh5+ 0-1

[Event "Richmond Keres Memorial 38th"]
[Site "Richmond"]
[Date "2013.05.19"]
[Round "4"]
[White "Gluckie, Jamin"]
[Black "Wu, Ruining Ray"]
[Result "1/2-1/2"]
[WhiteElo "2105"]
[BlackElo "2017"]
[PlyCount "75"]
[EventDate "2013.05.18"]
[EventType "swiss"]
[EventRounds "6"]
[EventCountry "CAN"]
[SourceTitle "CBM 154 Extra"]
[Source "ChessBase"]
[SourceDate "2013.06.25"]
[SourceVersion "2"]
[SourceVersionDate "2013.06.25"]
[SourceQuality "1"]

1. d4 d5 2. c4 c6 3. Nf3 Nf6 4. e3 e6 5. Nbd2 Nbd7 6. Bd3 Bd6 7. 0-0 0-0 8. e4 dxe4 9. Nxe4 Nxe4 10. Bxe4 Nf6 11. Bc2 h6 12. b3 b6 13. Bb2 c5 14. Qd3 cxd4 15. Qxd4 Be7 16. Qc3 Bb7 17. Rad1 Qc7 18. Rd4 e5 19. Rd2 Bxf3 20. Qxf3 Rad8 21. Re2 Bd6 22. h3 Rfe8 23. Rfe1 Re6 24. Bf5 Re7 25. g4 Nd7 26. g5 hxg5 27. Qh5 Nf8 28. Qxg5 f6 29. Qg4 Bc5 30. h4 Bb4 31. Rc1 a5 32. h5 Kh8 33. Kg2 Qc6+ 34. Be4 Qc7 35. Bd5 Qd7 36. Qf3 Ne6 37. Bxe6 Qxe6 38. Kh1 1/2-1/2

[Event "Victoria Grand Pacific op 7th"]
[Site "Victoria"]
[Date "2013.03.31"]
[Round "5"]
[White "Gluckie, Jamin"]
[Black "Rohonyan, Katerina"]
[Result "1/2-1/2"]
[WhiteElo "2105"]
[BlackElo "2296"]
[PlyCount "61"]
[EventDate "2013.03.29"]
[EventType "swiss"]
[EventRounds "6"]
[EventCountry "CAN"]
[SourceTitle "CBM 153 Extra"]
[Source "ChessBase"]
[SourceDate "2013.04.22"]
[SourceVersion "1"]
[SourceVersionDate "2013.04.22"]
[SourceQuality "1"]

1. d4 d5 2. c4 c6 3. Nf3 Nf6 4. Nc3 a6 5. c5 Nbd7 6. Bf4 Nh5 7. Bd2 Qc7 8. e4 dxe4 9. Ng5 Nf4 10. Ngxe4 Nf6 11. Nxf6+ gxf6 12. Qf3 Nd5 13. Nxd5 cxd5 14. Qxd5 Be6 15. Qf3 0-0-0 16. Bf4 Qa5+ 17. Qc3 Qxc3+ 18. bxc3 Bd5 19. f3 e5 20. Be3 Bg7 21. Bd3 Be6 22. g4 h5 23. Kf2 hxg4 24. fxg4 f5 25. Bxf5 Bxf5 26. gxf5 exd4 27. cxd4 Bxd4 28. Rad1 Bxe3+ 29. Kxe3 Rxd1 30. Rxd1 Rxh2 31. Rd2 1/2-1/2

[Event "Northern Alberta op"]
[Site "Edmonton"]
[Date "2013.02.16"]
[Round "2"]
[White "Bentley, Bill"]
[Black "Gluckie, Jamin"]
[Result "1-0"]
[WhiteElo "1817"]
[BlackElo "2216"]
[PlyCount "51"]
[EventDate "2013.02.16"]
[EventType "swiss"]
[EventRounds "5"]
[EventCountry "CAN"]
[SourceTitle "EXT 2014"]
[Source "ChessBase"]
[SourceDate "2013.11.20"]
[SourceVersion "1"]
[SourceVersionDate "2013.11.20"]
[SourceQuality "1"]

1. d4 e6 2. c4 f5 3. g3 Nf6 4. Bg2 Be7 5. Nf3 0-0 6. b3 Ne4 7. Bb2 Bf6 8. Nbd2 a5 9. Qc2 Nxd2 10. Qxd2 d6 11. 0-0 Qe7 12. Rae1 g5 13. e4 f4 14. e5 Bg7 15. gxf4 g4 16. Ng5 dxe5 17. dxe5 Bh6 18. Be4 Bxg5 19. fxg5 Nc6 20. Kh1 Bd7 21. Rg1 Qf7 22. g6 hxg6 23. Rxg4 Ne7 24. Ba3 Nf5 25. Bxf8 Rxf8 26. Reg1 1-0

[Event "Northern Alberta op"]
[Site "Edmonton"]
[Date "2013.02.16"]
[Round "1"]
[White "Gluckie, Jamin"]
[Black "Arzumanyan, Armine"]
[Result "1-0"]
[WhiteElo "2216"]
[BlackElo "1572"]
[PlyCount "27"]
[EventDate "2013.02.16"]
[EventType "swiss"]
[EventRounds "5"]
[EventCountry "CAN"]
[SourceTitle "EXT 2014"]
[Source "ChessBase"]
[SourceDate "2013.11.20"]
[SourceVersion "1"]
[SourceVersionDate "2013.11.20"]
[SourceQuality "1"]

1. d4 d5 2. c4 e6 3. Nc3 c6 4. e4 dxe4 5. Nxe4 Bb4+ 6. Bd2 Qxd4 7. Bxb4 Qxe4+ 8. Be2 Na6 9. Bd6 c5 10. Nf3 Nh6 11. 0-0 f6 12. Bd3 Qc6 13. Bc2 Nb4 14. Ba4 1-0

[Event "Victoria Grand Pacific op 6th"]
[Site "Victoria"]
[Date "2012.04.08"]
[Round "5"]
[White "Novak, Frantisek"]
[Black "Gluckie, Jamin"]
[Result "0-1"]
[WhiteElo "1980"]
[BlackElo "2098"]
[PlyCount "48"]
[EventDate "2012.04.06"]
[EventType "swiss"]
[EventRounds "6"]
[EventCountry "CAN"]
[SourceTitle "CBM 147 Extra"]
[Source "ChessBase"]
[SourceDate "2012.04.24"]
[SourceVersion "1"]
[SourceVersionDate "2012.04.24"]
[SourceQuality "1"]

1. e4 e6 2. Nc3 d5 3. d4 Bb4 4. e5 Ne7 5. Nf3 c5 6. dxc5 Nbc6 7. Bd2 Ng6 8. Bb5 Bxc5 9. Qe2 0-0 10. 0-0-0 a6 11. Bd3 Nb4 12. Bxg6 fxg6 13. Be3 Be7 14. Nd4 Bd7 15. f4 Rc8 16. g4 Rxc3 17. bxc3 Nxa2+ 18. Kb2 Qa5 19. Rd3 Qa3+ 20. Kb1 Nxc3+ 21. Rxc3 Qxc3 22. Nb3 Rc8 23. Bd4 Qb4 24. f5 a5 0-1

[Event "Canadian op"]
[Site "Toronto"]
[Date "2010.07.16"]
[Round "7"]
[White "Wang, Richard"]
[Black "Gluckie, Jamin"]
[Result "1/2-1/2"]
[WhiteElo "2190"]
[BlackElo "2077"]
[PlyCount "64"]
[EventDate "2010.07.10"]
[EventType "swiss"]
[EventRounds "9"]
[EventCountry "CAN"]
[SourceTitle "CBM 137 Extra"]
[Source "ChessBase"]
[SourceDate "2010.09.01"]
[SourceVersion "1"]
[SourceVersionDate "2010.09.01"]
[SourceQuality "1"]

1. d4 e6 2. Nf3 f5 3. g3 Nf6 4. Bg2 Be7 5. 0-0 0-0 6. c4 d6 7. Nc3 Ne4 8. Qc2 Nxc3 9. bxc3 Nc6 10. e4 e5 11. c5 fxe4 12. Qxe4 d5 13. Qe2 e4 14. Nd2 Bf6 15. Nb3 Bf5 16. Be3 Qd7 17. Rae1 Bg4 18. Qd2 Bf3 19. Bf4 Bxg2 20. Kxg2 Ne7 21. f3 exf3+ 22. Rxf3 Ng6 23. Nc1 Qg4 24. Rf2 Rae8 25. Rxe8 Rxe8 26. Nd3 c6 27. Kf1 Nxf4 28. Nxf4 Bg5 29. Qd3 Bxf4 30. Rxf4 Qh3+ 31. Kg1 Qe6 32. Kg2 Qe2+ 1/2-1/2

[Event "Quebec op U2400"]
[Site "Montreal"]
[Date "2008.07.21"]
[Round "3"]
[White "Gluckie, Jamin"]
[Black "MacKinnon, Keith"]
[Result "0-1"]
[WhiteElo "2114"]
[BlackElo "2029"]
[PlyCount "72"]
[EventDate "2008.07.19"]
[EventType "swiss"]
[EventRounds "9"]
[EventCountry "CAN"]
[SourceTitle "EXT 2011"]
[Source "ChessBase"]
[SourceDate "2010.11.26"]
[SourceVersion "1"]
[SourceVersionDate "2010.11.26"]
[SourceQuality "1"]

1. d4 Nf6 2. c4 c5 3. d5 b5 4. cxb5 a6 5. bxa6 g6 6. Nc3 Bxa6 7. Nf3 d6 8. g3 Bg7 9. Bg2 Nbd7 10. Rb1 0-0 11. 0-0 Nb6 12. b3 Qc7 13. Bb2 Rfb8 14. Ba1 Nbd7 15. h3 Qa5 16. Nd2 Ne8 17. Qc2 Nc7 18. Rfe1 Nb5 19. Nxb5 Bxb5 20. Bxg7 Kxg7 21. a4 Ba6 22. e4 Ne5 23. f4 Nd3 24. Re3 Rb4 25. Bf1 c4 26. Nxc4 Bxc4 27. bxc4 Qc5 28. Qxd3 Rxb1 29. Kf2 Rb4 30. Kf3 Rbxa4 31. e5 Ra1 32. exd6 R8a3 33. dxe7 Rxf1+ 34. Ke2 Rxd3 35. Kxd3 Rd1+ 36. Ke2 Re1+ 0-1

[Event "Edmonton May Sectionals A,B,C,D"]
[Site "Edmonton"]
[Date "2007.05.20"]
[Round "4"]
[White "Rekhson, Vladislav"]
[Black "Gluckie, Jamin"]
[Result "1/2-1/2"]
[WhiteElo "2191"]
[BlackElo "2089"]
[PlyCount "77"]
[EventDate "2007.05.19"]
[EventType "swiss"]
[EventRounds "5"]
[EventCountry "CAN"]
[SourceTitle "EXT 2022"]
[Source "ChessBase"]
[SourceDate "2021.10.06"]
[SourceVersion "1"]
[SourceVersionDate "2021.10.06"]
[SourceQuality "1"]

1. e4 e6 2. d4 d5 3. Nc3 Bb4 4. e5 c5 5. a3 Bxc3+ 6. bxc3 Ne7 7. Nf3 Qc7 8. a4 b6 9. Bb5+ Bd7 10. Bd3 Nbc6 11. 0-0 h6 12. h4 0-0 13. h5 f6 14. Bf4 fxe5 15. Bxe5 Nxe5 16. Nxe5 Nc6 17. Nxc6 Qxc6 18. Re1 Rf6 19. Re5 Raf8 20. f3 Rf4 21. Qd2 Kh8 22. Bb5 Qc7 23. Bxd7 Qxd7 24. Qe3 cxd4 25. cxd4 R4f6 26. a5 b5 27. Re1 Qc7 28. Rxe6 Rxe6 29. Qxe6 Qxa5 30. Qe7 Rg8 31. Qh4 Qc3 32. Re5 Qxc2 33. Rxd5 b4 34. Rc5 Qd1+ 35. Kh2 b3 36. Qe4 Rb8 37. Rb5 Rxb5 38. Qe8+ Kh7 39. Qg6+ 1/2-1/2

[Event "Canadian op"]
[Site "Edmonton"]
[Date "2005.07.11"]
[Round "4"]
[White "Gluckie, Jamin"]
[Black "Tomaras, Ioannis"]
[Result "1-0"]
[WhiteElo "1907"]
[BlackElo "1680"]
[PlyCount "49"]
[EventDate "2005.07.09"]
[EventType "swiss"]
[EventRounds "10"]
[EventCountry "CAN"]
[SourceTitle "CBM 107 Extra"]
[Source "ChessBase"]
[SourceDate "2005.09.01"]
[SourceVersion "1"]
[SourceVersionDate "2005.09.01"]
[SourceQuality "1"]

1. d4 Nf6 2. c4 c5 3. d5 b5 4. cxb5 a6 5. Nc3 axb5 6. e4 b4 7. Nb5 d6 8. Bc4 g6 9. e5 Nfd7 10. exd6 exd6 11. Qe2+ Be7 12. Nxd6+ Kf8 13. Bh6+ Kg8 14. Nxc8 Bf8 15. Bxf8 Kxf8 16. Nd6 Kg7 17. Kf1 Nb6 18. Qe5+ f6 19. Qe6 Ra7 20. Re1 Nxc4 21. Nxc4 Rd7 22. d6 Nc6 23. Nf3 Na7 24. g4 Nb5 25. g5 1-0

[Event "Canadian op"]
[Site "Edmonton"]
[Date "2005.07.10"]
[Round "3"]
[White "Mrugala, David"]
[Black "Gluckie, Jamin"]
[Result "1/2-1/2"]
[WhiteElo "1627"]
[BlackElo "1907"]
[PlyCount "60"]
[EventDate "2005.07.09"]
[EventType "swiss"]
[EventRounds "10"]
[EventCountry "CAN"]
[SourceTitle "CBM 107 Extra"]
[Source "ChessBase"]
[SourceDate "2005.09.01"]
[SourceVersion "1"]
[SourceVersionDate "2005.09.01"]
[SourceQuality "1"]

1. d4 e6 2. c4 Nf6 3. Nf3 c5 4. e3 d5 5. Nc3 a6 6. a4 Nc6 7. Be2 cxd4 8. Nxd4 Be7 9. 0-0 0-0 10. cxd5 exd5 11. Bd2 Bc5 12. Nxc6 bxc6 13. Qc2 Qe7 14. Bf3 Bd6 15. Rfc1 Qe5 16. g3 Bf5 17. Qd1 Rab8 18. Ne2 Ne4 19. Rxc6 Nxd2 20. Qxd2 Rxb2 21. Qd4 Rfb8 22. Bxd5 Rxe2 23. Rxd6 Qxd4 24. exd4 h6 25. Bc4 Rc2 26. Bxa6 Rbb2 27. Rf1 g6 28. Kg2 Be4+ 29. Kg1 Bf5 30. Kg2 Be4+ 1/2-1/2

[Event "Canadian op"]
[Site "Edmonton"]
[Date "2005.07.09"]
[Round "1"]
[White "Mrugala, Jonathan"]
[Black "Gluckie, Jamin"]
[Result "0-1"]
[WhiteElo "1367"]
[BlackElo "1907"]
[PlyCount "68"]
[EventDate "2005.07.09"]
[EventType "swiss"]
[EventRounds "10"]
[EventCountry "CAN"]
[SourceTitle "CBM 107 Extra"]
[Source "ChessBase"]
[SourceDate "2005.09.01"]
[SourceVersion "1"]
[SourceVersionDate "2005.09.01"]
[SourceQuality "1"]

1. g3 c5 2. Bg2 g6 3. Nf3 Bg7 4. d3 Nc6 5. 0-0 e6 6. Nc3 Nge7 7. Ne4 d6 8. Bg5 0-0 9. Bf6 Bxf6 10. Nxf6+ Kg7 11. Ne4 b6 12. Re1 d5 13. Ned2 Qc7 14. c4 Bb7 15. cxd5 exd5 16. e4 Rad8 17. exd5 Rxd5 18. Qc2 Rfd8 19. Qc3+ Kg8 20. Re3 Nf5 21. Re2 Rxd3 22. Qf6 Qd6 23. Qxd6 R3xd6 24. Rae1 Nb4 25. Re8+ Kg7 26. Rxd8 Rxd8 27. a3 Nd3 28. Rb1 b5 29. Bf1 c4 30. b3 c3 31. Bxd3 Rxd3 32. Rc1 cxd2 33. Nxd2 Rxd2 34. Rc7 Rd1# 0-1